000 005030000a22001810004500
003 MACL
005 20160412111800.0
008 160412b xxu||||| |||| 00| 0 eng d
040 _aMACL
_cMACL
041 _aHindi
082 _a590
100 _aसिंह हरबंस
_951872
245 _aपालतू पशु
260 _bनेशनल बुक ट्रस्‍ट
_c2000
_aनई दिल्‍ली
350 _a30
650 _aZoology
_951873
942 _cHIN
_k590
_2ddc
999 _c12048
_d12048